| 000 | 00735cam a2200265 4500 | ||
|---|---|---|---|
| 001 | M1896 | ||
| 008 | 090401t1995 xxu||||| |||| 00| 0 eng d | ||
| 035 | _a(Sirsi) u35127 | ||
| 041 | _aeng | ||
| 050 | _a380.1 | ||
| 110 |
_aJones Lang Wootton _92909 |
||
| 245 | _aAuction Results Analysis System: quarterly investment report for the property market. - 1st Quarter | ||
| 260 |
_aLondon _bJones Lang Wootton _c1995 |
||
| 300 | _a1 pt. ; 30cm. | ||
| 350 | _a0 | ||
| 650 | _aARAS | ||
| 650 | _aAUCTION RESULTS ANALYSIS SYSTEM | ||
| 650 | _aAUCTION RESULTS | ||
| 650 |
_aAuctioneering _96218 |
||
| 650 | _aPROPERTY MARKET | ||
| 650 | _aPROPERTY YIELDS | ||
| 690 |
_aAuctioneering _96218 |
||
| 942 | _n0 | ||
| 948 | _c04/03/1997 | ||
| 999 |
_c90050 _d90050 |
||